000
00255nam a2200109Ia 4500
008
190906s9999||||xx |||||||||||||| ||und||
100
_a
Graham Willcocks
245
0
_a
CVs In A Week
260
_a
New Delhi
_b
McGraw -Hill
_c
1996
300
_a
96
942
_c
BK
999
_c
6055
_d
6055